Logikai és fizikai konstrukció

Elmentve itt :
Bibliográfiai részletek
Szerző: Kenéz László
Dokumentumtípus: Cikk
Megjelent: 2007
Sorozat:Különbség 9 No. 1
Kulcsszavak:Filozófia
Tárgyszavak:
Online Access:http://acta.bibl.u-szeged.hu/8483
LEADER 00675nab a2200205 i 4500
001 acta8483
005 20251010143153.0
008 161015s2007 hu o 000 hun d
022 |a 1785-7821 
040 |a SZTE Egyetemi Kiadványok Repozitórium  |b hun 
041 |a hun 
100 1 |a Kenéz László 
245 1 0 |a Logikai és fizikai konstrukció  |h [elektronikus dokumentum] /  |c  Kenéz László 
260 |c 2007 
300 |a 85-105 
490 0 |a Különbség  |v 9 No. 1 
650 4 |a Bölcsészettudományok 
650 4 |a Filozófia, etika és vallástudományok 
695 |a Filozófia 
856 4 0 |u http://acta.bibl.u-szeged.hu/8483/1/kulonbseg_2007_001_085-105.pdf  |z Dokumentum-elérés